| 000 | 00737nam a22001937a 4500 | ||
|---|---|---|---|
| 003 | AM-YEHGA | ||
| 005 | 20250617164039.0 | ||
| 008 | 210925b ||||| |||| 00| 0 rus d | ||
| 040 | _aAM-YeHGA | ||
| 041 | 0 | _arus | |
| 111 | 2 |
_aПалеоботаническая конференция _d(1961; _cТомск). |
|
| 245 | 1 | 0 |
_aДоклады Палеоботанической конференции. Декабрь 1961 г. / _cТомский гос. ун-т им. В. В. Куйбышева. |
| 260 |
_aТомск : _bИзд-во Том. ун-та, _c1962. |
||
| 300 |
_a171 с., 3 л. табл.; _bил. |
||
| 653 | 0 | _aПалеоботаника - Сборники | |
| 942 |
_2udc _cBK |
||
| 001 | 1791600 | ||
| 090 | _c520417 | ||
| 999 |
_c516868 _d516868 |
||